zpět

Detail výsledku týmu

Hoffmanův dvůr - Vinoř, Praha

Datum a čas kvízu

19.5 Celkem bodů Celkový počet nahraných bodů na tomto kvízu bez doplňovacích otázek.
8. Pořadí na kvízu Konečné umístění týmu na tomto kvízu.

Zaznamenané odpovědi

# Otázka Odpověď Body Výsledky
1. V Jiráskově divadle v České Lí... selata (divočáci) 0
2. Římská radnice minulý týden oz... fontána di Trevi 0
3. Která 45letá česká herečka se... Anna Polívková 0
4. Minulý týden jsme se dozvěděli... rýže 1
5. Ve středu byla poblíž sídla Če... Věra Čáslavská, David Černý 1
6. Ruské město Nižnij Novgorod ne... Gorkij 0
7. Pod kterým, dnes už spíše zast... Habeš 0
8. Napište bývalý název Bratislav... Prešpurk/Prešporok/Prešporek; 1919 (1914–1924) 0.5
9. Roku 1868 se město Edo přejmen... Tokio 0
10. Zhruba rok po vyhlazení českýc... o Panamu 0